<?xml version="1.0" encoding="UTF-8"?>
<collection xmlns="http://www.loc.gov/MARC21/slim">
 <record>
  <leader>00495nam a22001575a 4500</leader>
  <controlfield tag="001">EHU.bham005694</controlfield>
  <controlfield tag="003">AR-BHAM</controlfield>
  <controlfield tag="005">20090430110850.0</controlfield>
  <controlfield tag="008">130507s1977##################000#0#####d</controlfield>
  <datafield tag="082" ind1="7" ind2="0">
   <subfield code="a">701</subfield>
  </datafield>
  <datafield tag="100" ind1="1" ind2=" ">
   <subfield code="a">Battkock, Gregory, Ed.</subfield>
  </datafield>
  <datafield tag="245" ind1="1" ind2="0">
   <subfield code="a">La idea como arte :</subfield>
   <subfield code="b">documentos sobre el arte conceptual /</subfield>
   <subfield code="c">Gregory, Ed. Battkock.</subfield>
  </datafield>
  <datafield tag="260" ind1=" " ind2=" ">
   <subfield code="a">Barcelona :</subfield>
   <subfield code="b">Gustavo Gili,</subfield>
   <subfield code="c">1977</subfield>
  </datafield>
  <datafield tag="300" ind1=" " ind2=" ">
   <subfield code="a">156 p.</subfield>
  </datafield>
  <datafield tag="653" ind1=" " ind2=" ">
   <subfield code="a">Arte-filosofia del</subfield>
  </datafield>
  <datafield tag="859" ind1=" " ind2=" ">
   <subfield code="a">AR-BHAM</subfield>
   <subfield code="b">BIB. HUMANIDADES - General</subfield>
   <subfield code="h">701</subfield>
   <subfield code="i">B321</subfield>
   <subfield code="p">3.93</subfield>
   <subfield code="t">Ej.1</subfield>
  </datafield>
 </record>
</collection>
